That 70's Show: Characters - Statistics

General Stats
  • This quiz has been taken 217 times
  • The average score is 19 of 49
Answer Stats
First Name Last Name % Correct
Eric Forman
99%
Jack Burkhart
98%
Donna Pinciotti
97%
Jackie Burkhart
97%
Michael Kelso
96%
Red Forman
96%
Kitty Forman
95%
Steven Hyde
95%
Steven Hyde (Bud)
95%
Bob Pinciotti
92%
Fez (No Last Name)
88%
Midge Pinciotti
88%
Laurie Forman
87%
Casey Kelso
58%
Leo (No Last Name)
58%
Pam Macy
55%
Randy Pearson
46%
Fenton (No Last Name) Landlord
42%
Rhonda Big ******
38%
Dave (No Last Name) Pastor
37%
William Barnett
37%
Joanne (No Last Name) bob's Girlfriend
31%
Angie Barnett
27%
Edna Hyde
25%
Samantha Hyde
24%
Caroline Dupree
23%
Nina Jo Bartell
19%
Earl (No Last Name) Works at Price Mart
18%
Brooke Rockwell
16%
Christine St. George
16%
Roy Keen
16%
Buddy Morgan
14%
Mitch Miller
14%
Bernice Forman
13%
Charlie Richardson
13%
Tina Pinciotti
13%
Annette Berkhardt
9%
Patty (No Last Name) Went on a Double Blind Date With Hyde and Fez
9%
Beatrice Sigurdson
8%
Suzy Simpson
8%
Valerie Pinciotti
6%
Schatzie (No Last Name) The Forman Dog
5%
Timmy Thompson
5%
melissa Had a Love Interest for Hyde
4%
Hilary Robinson
3%
Matthew Erdman
3%
Rebecca Erdman
3%
Bertrum Sigurdson
1%
Phillip Kennedy
0%
No matching quizzes found
Score Distribution
Percent of People with Each Score
Percentile by Number Answered
Your Score History
You have not taken this quiz